Statistics for Horse Vocabulary

Click here to take the quiz!

General Stats

  • This quiz has been taken 12,075 times
  • The average score is 16 of 22

Answer Stats

Definition Word % Correct
Building where horses are keptStable
95%
Seat on which a rider sitsSaddle
93%
Rider in a horse raceJockey
91%
Sound made by a horseNeigh
87%
Adult femaleMare
86%
Loops for the rider's feetStirrups
86%
Horse/donkey hybridMule
85%
Fastest gait of a horseGallop
83%
Unit in which a horse's height is measuredHand
81%
Uncastrated adult maleStallion
81%
Metal bar placed in a horse's mouthBit
79%
Metal boot attachment used
to "encourage" a horse
Spur
74%
Sound made by a horseWhinny
68%
Very young horse of either genderFoal
68%
Male horse used for breedingStud
65%
Uncastrated young male horseColt
63%
Feral horse of the American WestMustang
61%
Riding whipCrop
60%
Sport of "horse dancing"Dressage
60%
Castrated maleGelding
58%
Young femaleFilly
57%
Feral horse of AustraliaBrumby
21%

Score Distribution

Percentile by Number Answered

Percent of People with Each Score

Your Score History

You have not taken this quiz